000 00534nam a2200181Ia 4500
001 2864
005 20260306144838.0
008 260306t1996||||xx |||||||||||||| ||spa||
041 _aESP
082 _a230.8
_bP59H
100 _aPío XII, Papa, 1876-1958
_eAUT
245 0 _aCarta encíclica humani generis del Sumo Pontífice Pío XII:
_bde las falsas opiniones contra los fundamentos de la doctrina católica
260 _c1996
300 _a38 páginas :
_c20 cm.
650 _aGEN
654 _aCHU
942 _cLIB
_dJUS
_fJUS
_2ddc
_n
999 _c2864
_d2864